| 000 | 00449cam a22001457a 4500 | ||
|---|---|---|---|
| 008 | 180718b1984 xxu||||| |||| 00| 0 eng d | ||
| 020 | _a0080308384 | ||
| 082 | _aI5 C439 | ||
| 100 | _aChilver, Joseph | ||
| 245 |
_aPeople, communication and organisation: a case study approach _cby Joseph Chilver |
||
| 260 |
_aOxford _bPergamon _c1984 |
||
| 300 | _aviii, 218p | ||
| 650 | _aPersonnel management --Case studies | ||
| 650 | _aManagement --Case studies | ||
| 999 |
_c427864 _d427864 |
||